000 01065nam a2200229 4500
005 20260213114644.0
008 260213b |||||||| |||| 00| 0 eng d
020 _a9789360862879 (hbk)
037 _cTB
040 _aCRL
_cCRL
041 _2hin
_ahin
084 _aNW44 152R5
_qCRL
100 _aअलकाज़ी, फ़ैसल
_91115598
245 _aमंच प्रवेश:
_bअलकाज़ी/ पद्मसी परिवार की यादें
260 _aनई दिल्ली, भारत:
_bराजकमल प्रकाशन,
_c2025.
300 _a253पृ.
365 _b450.00
_cINR
650 _aललित कला
_91115599
700 _aकुमार, अमितेश
_eअनुवादक
_91115600
942 _2CC
_n0
_cTB
_hNW44 152R5
999 _c1679542
_d1679542